| 000 | 01403nam a22003737a 4500 | ||
|---|---|---|---|
| 005 | 2011072007467.0 | ||
| 008 | 110720t xxu||||| |||| 00| 0 eng d | ||
| 010 | _aENG-103061 | ||
| 020 |
_c345.00 _a9780198077169 |
||
| 020 |
_c345.00 _a0198077165 |
||
| 035 | _aEN-86594 | ||
| 037 | _bDBAD / PUB | ||
| 040 |
_adpl _bEnglish |
||
| 082 | _a954 | ||
| 100 |
_929710 _aSubrahmanyam, Sanjay |
||
| 245 |
_aFrom the Tagus to the Ganges / _cby Sanjay Subrahmanyam |
||
| 260 |
_aNew Delhi _bOxford University Press _c2011 |
||
| 270 |
_aYMCA Library Building Jai Singh Road _bNew Delhi _e110001 |
||
| 300 |
_ax, 264 p. : _c25cm (pbk) _bmap |
||
| 490 |
_aExplorations in connected history _929737 |
||
| 500 | _aIncludes bibliographical references and index. | ||
| 520 | _aCollection of essays previously published; based on various conference presentations. | ||
| 546 |
_aIncludes passages in Sanskrit and Tibetan . _b (Tibetan in roman) |
||
| 600 | _929721 | ||
| 650 |
_929719 _aEuropeans _zIndia _xHistory |
||
| 651 |
_aIndia _xHistoriography. _929731 |
||
| 651 |
_aSouth Asia _xHistoriography. _929732 |
||
| 651 |
_aIndia _xHistory _929733 _y1526-1765 |
||
| 651 |
_aMogul Empire. _929734 |
||
| 700 | _929720 | ||
| 700 | _91443 | ||
| 942 |
_2ddc _cEN _mSUB _h954 |
||
| 999 |
_c54087 _d54087 |
||